01004naa#a2200205#i#4500001004000000005001700040011001400057100004100071102000700112200014700119210019500266215001100461608004500472675003200517700005200549700005200601700005400653700005400707856003700761RU\FGKOU VO SPBU MVD ROSSII\bibl\11447620260429065124.3##a2713-0622##a20260428b2026####ek#y0rusy0150####ca##aRU1#aПодходы к изучению просоциального поведения и альтруизмаeЖурнальная статья1#aСанкт-ПетербургcСАНКТ-ПЕТЕРБУРГСКИЙ УНИВЕРСИТЕТ МИНИСТЕРСТВА ВНУТРЕННИХ ДЕЛ РОССИЙСКОЙ ФЕДЕРАЦИИd2026##a12 с.##aЖурнальная статья2local##aПсихология. 159.9#1aРеанgАртур Александрович#1aШевченкоgАндрей Олегович#1aСтавцевgАлексей Андреевич#1aКузьминgРоман Геннадьевич4#arussianjournaldeviantbehavior.ru